| 000 | 00487nam a2200205Ia 4500 | ||
|---|---|---|---|
| 008 | 170918s9999 xx 000 0 und d | ||
| 020 | _a9780439629041 | ||
| 050 | _bB478d 2004 | ||
| 100 | _aBenton, Jim | ||
| 245 | _aLet's pretend this never happened / | ||
| 245 | _cby Jim Benton. | ||
| 260 | _aNew York : | ||
| 260 | _bScholastic, | ||
| 260 | _c2004 | ||
| 300 | _a95 pages : | ||
| 300 | _billustrations ; | ||
| 300 | _c19cm. | ||
| 300 | _eDear dumb diary ; | ||
| 440 | _a1 | ||
| 999 |
_c344278 _d344278 |
||